000 00527pam a2200205 a 4500
020 _c
040 _aMEDICAL COLLEGE LIB.
041 _aENG
_hENG
082 _a616.01
_bHOW
100 _aHOWARD, B. J. .
245 _aCLINICAL AND PATHOGENIC MICROBIOLOGY /
_c
_hTextual Documents
260 _a :
_bC.V.MOSBY ,
_c1987.
300 _a667 ;
_c
365 _a1209=60
653 _aMicrobiology
_aMedical Science
907 _a1028
930 _a3842
999 _c3841
_d3841